[Event "Julius Baer Gen Cup Pl/In"]
[Site "chess.com INT"]
[Date "2024.09.25"]
[Round "8"]
[White "Amin, B."]
[Black "Muradli, Mahammad"]
[Result "1-0"]
[WhiteElo "2636"]
[BlackElo "2576"]
[PlyCount "111"]
[EventDate "2024.09.25"]

1. Nf3 Nf6 2. g3 d5 3. Bg2 e6 4. O-O Be7 5. d3 O-O 6. Nbd2 b6 7. e4 dxe4 8. dxe4 Bb7 9. e5 Nfd7 10. Qe2 a5 ({RR} 10... Nc6 11. Rd1 Qc8 12. Nb3 Rd8 13. Bf4 a5 14. a3 a4 15. Nbd4 Nxd4 16. Nxd4 Bxg2 17. Kxg2 Qb7+ 18. Qf3 Qxf3+ 19. Kxf3 Nc5 20. Nc6 Re8 21. Be3 Rac8 22. Bxc5 Bxc5 23. Rd7 b5 24. b4 axb3 25. cxb3 {Svidler,P (2729)-Rosen,E (2353) chess24.com INT 2019 1-0 (52)}) 11. Rd1 Nc6 12. Ne4 Qc8 13. Bf4 $146 ({RR} 13. Bg5 Bxg5 14. Nexg5 h6 15. Nh3 Ne7 16. Nf4 Nc5 17. Nh5 Ng6 18. Rd4 Qe8 19. Rad1 Qe7 20. Ne1 Bxg2 21. Nxg2 Rad8 22. c3 Rd7 23. h4 Rfd8 24. Ngf4 Nxf4 25. Nxf4 Kh8 26. Nh5 Rxd4 27. cxd4 Nd7 {Dzagnidze,N (2559)-Melia,S (2400) Batumi 2012 1-0 (42)}) 13... h6 14. h4 Rd8 15. c3 a4 16. Qe3 Ra5 17. b4 axb3 18. axb3 Ndxe5 19. Nxe5 Rxd1+ 20. Rxd1 Nxe5 21. b4 Nc4 22. Qe2 Rd5 23. Nd2 Nxd2 24. Bxd5 Bxd5 25. Rxd2 Ba8 26. f3 Bf6 27. Qe3 Bd5 28. Kf2 b5 29. Be5 Bxe5 30. Qxe5 c6 31. Rd1 Qa8 32. Qe2 Qa3 33. Qd2 e5 34. Re1 f6 35. g4 Qa7+ 36. Kg3 Qc7 37. Ra1 Kf7 38. Qe3 Kg6 39. Ra7 Qb8 40. Qc5 Qd8 41. Rb7 Kh7 42. Qa7 Qf8 43. Re7 f5 44. g5 f4+ 45. Kf2 hxg5 46. hxg5 Qf5 47. Rxg7+ Kh8 48. Re7 Qc2+ 49. Kg1 Qd1+ 50. Kh2 Qe2+ 51. Kh3 Qxf3+ 52. Kh4 Qh1+ 53. Kg4 Qf3+ 54. Kf5 Qh3+ 55. Kf6 Bg8 56. Rxe5 1-0

[Event "Titled Tue 24th Sep Early"]
[Site "chess.com INT"]
[Date "2024.09.24"]
[Round "5"]
[White "Svane, Frederik"]
[Black "Goryachkina, A."]
[Result "1-0"]
[WhiteElo "2640"]
[BlackElo "2533"]
[PlyCount "91"]
[EventDate "2024.09.24"]

1. Nf3 d5 2. b3 c5 3. Bb2 Nc6 4. e3 a6 5. d4 cxd4 6. Nxd4 Nf6 7. Nxc6 bxc6 8. Nd2 Bg4 9. Be2 Bxe2 10. Qxe2 e6 11. O-O Be7 12. e4 $146 ({RR} 12. c4 O-O 13. Rfd1 Qc7 14. Rac1 a5 15. cxd5 exd5 16. Nf3 Qb7 17. Nd4 Rfc8 18. Nf5 Qd7 19. Qf3 Qe6 20. Rd4 Bf8 21. Rf4 Ne4 22. h4 f6 23. Nd4 Qd7 24. h5 Ng5 25. Qd1 Bd6 26. Rg4 c5 {Szikszai,B (2278)-Kusiak,M (1887) Prague CZE 2024 1-0 (55)}) 12... O-O 13. Rfd1 a5 14. a4 Qb6 15. h4 Rfd8 16. h5 h6 17. e5 Nd7 18. Qg4 Bc5 19. Qg3 Rac8 20. Nf3 Bf8 21. Bc1 Kh8 22. Qf4 Kg8 23. Qg3 Kh8 24. Rd4 Bc5 25. Rf4 Rf8 26. Bd2 f5 27. Nh4 Rf7 28. Re1 Nf8 29. Ng6+ Nxg6 30. hxg6 Rd7 31. Rh4 Kg8 32. Re2 Bf8 33. Qc3 Bb4 34. Qh3 Bxd2 35. Rxd2 c5 36. Rd3 Qd8 37. Rh5 c4 38. Rd4 cxb3 39. cxb3 Qc7 40. Qe3 Qc2 41. Rh3 Qb1+ 42. Kh2 Rc1 43. Qd3 Qa1 44. Qa6 Rd8 45. Qxe6+ Kh8 46. Rxh6+ 1-0

[Event "Titled Tue 24th Sep Early"]
[Site "chess.com INT"]
[Date "2024.09.24"]
[Round "6"]
[White "Bok, B."]
[Black "Steinberg, N."]
[Result "1-0"]
[WhiteElo "2596"]
[BlackElo "2554"]
[PlyCount "93"]
[EventDate "2024.09.24"]

1. Nf3 d5 2. g3 Nd7 3. d4 Ngf6 4. Bg2 Nb6 5. Nc3 Bf5 6. Nh4 Bd7 ({RR} 6... Bg4 7. a4 e6 8. h3 Bh5 9. a5 Nc4 10. a6 b6 11. g4 Bg6 12. Nxg6 hxg6 13. g5 Ng8 14. e4 Bb4 15. Qd3 c6 16. O-O Ne7 17. Ne2 Bd6 18. b3 Na5 19. Bd2 Bc7 20. c4 O-O 21. Rfc1 {Praggnanandhaa,R (2747)-Nakamura,H (2795) chess.com INT 2024 0-1 (62)}) 7. O-O $146 ({RR} 7. Bg5 e6 8. e4 h6 9. Bxf6 Qxf6 10. O-O c6 11. Nf3 g6 12. Ne5 Bg7 13. a4 Qd8 14. a5 Bxe5 15. dxe5 Nc4 16. a6 b5 17. b3 Nb6 18. Ne2 Qe7 19. Nf4 Rc8 20. Qd2 h5 21. Qe3 O-O {Daneshvar,B (2591)-Isanzhulov,A (2439) Almaty KAZ 2023 0-1 (61)}) 7... g6 8. e4 dxe4 9. Nxe4 Nxe4 10. Bxe4 c6 11. a4 a5 12. Re1 Bg7 13. c3 O-O 14. Bg2 Re8 15. Qb3 Bf6 16. Nf3 Bf5 17. Ng5 e6 18. Nf3 Bd3 19. Ne5 Ba6 20. h4 Nd7 21. Ng4 Bg7 22. Bg5 Qb6 23. Qa3 Bf8 24. Qa2 Bd3 25. b3 Bf5 26. Nh6+ Bxh6 27. Bxh6 Nf6 28. Qb2 Ng4 29. Bf4 Rad8 30. Rad1 e5 31. dxe5 Rxd1 32. Rxd1 Nxe5 33. Be3 Qc7 34. c4 f6 35. Qc3 b6 36. c5 bxc5 37. Bxc5 Rd8 38. Rxd8+ Qxd8 39. Bd4 Qd6 40. Bxe5 fxe5 41. Qxa5 Qd1+ 42. Kh2 Qd4 43. Qe1 e4 44. a5 h5 45. b4 Kg7 46. a6 Qb6 47. Qa1+ 1-0

[Event "Titled Tue 24th Sep Early"]
[Site "chess.com INT"]
[Date "2024.09.24"]
[Round "9"]
[White "Nakamura, Hi"]
[Black "Vetoshko, V."]
[Result "1-0"]
[WhiteElo "2802"]
[BlackElo "2506"]
[PlyCount "55"]
[EventDate "2024.09.24"]

1. Nf3 d5 2. g3 Nd7 3. d4 Nb6 4. Bg2 Bf5 5. Nc3 e6 6. Nh4 Bg4 7. a4 a5 8. Qd3 Be7 9. e4 Bxh4 $146 ({RR} 9... Nf6 10. h3 Bh5 11. O-O c6 12. exd5 Nfxd5 13. Nxd5 Nxd5 14. Nf3 Nb4 15. Qb3 Bg6 16. Ne1 Qc8 17. c3 Nd3 18. Be3 Nxe1 19. Rfxe1 O-O 20. h4 h6 21. Bf4 Rd8 22. Be5 Bd6 23. Bxd6 Rxd6 24. Re5 {Vastrukhin,O (2343)-Grachev,A (2406) Sochi RUS 2023 0-1 (39)}) 10. gxh4 Qxh4 11. Nb5 Rc8 12. Bf4 dxe4 13. Qb3 Nd5 14. Bg3 Qe7 15. Na7 Ra8 16. Qxb7 Qb4+ 17. Qxb4 Nxb4 18. Nb5 Nxc2+ 19. Kd2 Nxa1 20. Nxc7+ Kd7 21. Nxa8 Nb3+ 22. Kc3 Nf6 23. Nb6+ Kc6 24. Nc4 Nxd4 25. Kxd4 Rd8+ 26. Kc3 Rd3+ 27. Kc2 Bf3 28. Ne5+ 1-0

[Event "Titled Tue 24th Sep Early"]
[Site "chess.com INT"]
[Date "2024.09.24"]
[Round "10"]
[White "Oparin, G."]
[Black "Kobalia, M."]
[Result "1-0"]
[WhiteElo "2662"]
[BlackElo "2543"]
[PlyCount "113"]
[EventDate "2024.09.24"]

1. Nf3 d5 2. g3 g6 3. c4 c6 4. Qa4 Nf6 ({RR} 4... Nd7 5. cxd5 cxd5 6. Bg2 Bg7 7. Nc3 Ngf6 8. O-O O-O 9. d4 b6 10. Bf4 Bb7 11. Rfc1 a6 12. Ne5 e6 13. Qb3 Rc8 14. e3 Qe7 15. Bg5 Qd6 16. Bxf6 Nxf6 17. Na4 Rxc1+ 18. Rxc1 b5 19. Nc5 {Kramnik,V (2777)-Carlsen,M (2850) Berlin 2015 ½-½ (51)}) 5. cxd5 Nxd5 6. Bg2 ({RR} 6. Qd4 f6 7. Bg2 Bg7 8. e4 e5 9. Qa4 Nb6 10. Qc2 Na6 11. a3 Be6 12. O-O Bc4 13. Nc3 Bd3 14. Qd1 Nc5 15. b4 Bxf1 16. Bxf1 Nd3 17. Qb3 Qd7 18. a4 Nxc1 19. Rxc1 Qf7 20. Qb1 O-O {Andreikin,D (2729)-Shirov,A (2667) chess.com INT 2024 0-1 (42)}) 6... Bg7 7. O-O $146 ({RR} 7. Nc3 O-O 8. h4 Nb6 9. Qf4 Qd6 10. h5 Qxf4 11. gxf4 Na6 12. d3 Nb4 13. Kd1 Bg4 14. hxg6 hxg6 15. a3 N4d5 16. Ne5 Be6 17. Ne4 Rad8 18. Nc5 Bc8 19. Bh3 g5 20. Bxc8 Rxc8 21. e4 Nxf4 {Duda,J (2750)-Van Foreest,J (2714) chess24.com INT 2022 1-0 (53)}) 7... O-O 8. d4 Bg4 9. Rd1 Nd7 10. Nc3 N7b6 11. Qc2 Nxc3 12. bxc3 Nc4 13. h3 Be6 14. e4 Qc8 15. Kh2 h6 16. a4 a5 17. Qe2 Rd8 18. Nd2 Nxd2 19. Bxd2 Kh7 20. Rab1 Qd7 21. Rb6 Qc7 22. Rdb1 Rd7 23. Bf4 Qc8 24. Qb2 g5 25. Be3 Rb8 26. Qe2 Qd8 27. f4 gxf4 28. Bxf4 Rc8 29. Rxb7 f6 30. Qh5 Qe8 31. Qxe8 Rxe8 32. Rxd7 Bxd7 33. Rb7 Be6 34. Ra7 Bc4 35. Rxa5 e5 36. Be3 Rb8 37. Rc5 Bd3 38. g4 Rb2 39. Kg3 h5 40. gxh5 Bh6 41. Bxh6 Kxh6 42. Rxc6 Rxg2+ 43. Kf3 Ra2 44. Rxf6+ Kxh5 45. Rf5+ Kg6 46. Rxe5 Ra3 47. Rc5 Rxa4 48. Ke3 Bc2 49. h4 Ra1 50. Rg5+ Kf7 51. d5 Re1+ 52. Kd2 Rxe4 53. Kxc2 Rxh4 54. Kb3 Ke7 55. Rg6 Kd7 56. c4 Rf4 57. Kb4 1-0

[Event "Titled Tue 24th Sep Late"]
[Site "chess.com INT"]
[Date "2024.09.24"]
[Round "4"]
[White "Carlsen, M."]
[Black "Mekhitarian, K."]
[Result "1-0"]
[WhiteElo "2832"]
[BlackElo "2560"]
[PlyCount "87"]
[EventDate "2024.09.24"]

1. Nf3 d5 2. g3 Nc6 3. d4 Bf5 4. c4 e6 5. a3 Nf6 6. Nc3 h6 7. Bg2 Be7 8. O-O O-O 9. Ne5 Bd6 $146 ({RR} 9... Ne4 10. Nxc6 bxc6 11. Nxe4 Bxe4 12. Bxe4 dxe4 13. Be3 Bg5 14. Qd2 Qe7 15. b4 Rfd8 16. Bxg5 Qxg5 17. Qxg5 hxg5 18. e3 f5 19. Rfd1 Kf7 20. a4 a6 21. Kg2 g4 22. h3 gxh3+ 23. Kxh3 Rh8+ 24. Kg2 {Radojkovic,S (1966)-Mohamed,S (1842) Paracin 2019 ½-½}) 10. cxd5 exd5 11. Nxd5 Nxd5 12. Bxd5 Nxe5 13. dxe5 Bxe5 14. Bxb7 Rb8 15. Qxd8 Rfxd8 16. Bf3 Bxb2 17. Bxb2 Rxb2 18. Rfc1 Bc2 19. a4 c5 20. a5 c4 21. a6 Kf8 22. Ra5 Rd1+ 23. Rxd1 Bxd1 24. Rc5 Bxe2 25. Bxe2 Rxe2 26. Rxc4 g6 27. g4 Kg7 28. Rc7 Re4 29. h3 h5 30. g5 Re5 31. f4 Re4 32. Rxa7 Rxf4 33. Rc7 Ra4 34. a7 h4 35. Kf2 Ra3 36. Ke2 Ra1 37. Kd3 Ra2 38. Kd4 Ra1 39. Kc5 Ra2 40. Kb6 Rb2+ 41. Kc6 Ra2 42. Kb7 Rb2+ 43. Kc8 Ra2 44. Kb8 1-0

[Event "Titled Tue 24th Sep Late"]
[Site "chess.com INT"]
[Date "2024.09.24"]
[Round "6"]
[White "Carlsen, M."]
[Black "Niemann, Hans Moke"]
[Result "1-0"]
[WhiteElo "2832"]
[BlackElo "2733"]
[PlyCount "89"]
[EventDate "2024.09.24"]

1. Nf3 d5 2. g3 Nf6 3. Bg2 g6 4. b3 Bg7 5. Bb2 c5 6. c4 d4 7. b4 Nc6 8. b5 Nb8 9. O-O O-O 10. e3 dxe3 11. fxe3 Nbd7 12. a4 $146 ({RR} 12. Qe2 Qc7 13. d4 e6 14. Nbd2 b6 15. Ne5 Bb7 16. Nc6 Ne8 17. Nb3 Nd6 18. Rad1 a6 19. dxc5 Nxc5 20. Nxc5 Bxb2 21. Nxb7 Nxc4 22. Qxc4 axb5 23. Qxb5 {1-0 (23) Mroczek,M (2105)-Heiming,T Oberhausen 1998}) 12... Nb6 13. Na3 a5 14. d4 Ng4 15. Qe2 Bh6 16. Nc2 cxd4 17. Bxd4 Qc7 18. c5 Nd5 19. Rad1 Be6 20. b6 Qc8 21. Nd2 Ngf6 22. Nc4 Rd8 23. Ne5 Ng4 24. Nxg4 Bxg4 25. Qc4 Be6 26. Qb5 Bd7 27. Qb3 Be6 28. Qb2 f6 29. e4 Nb4 30. Nxb4 axb4 31. Qxb4 Bg4 32. Bf3 Bxf3 33. Rxf3 e5 34. Qb3+ Kh8 35. Bf2 Rxd1+ 36. Qxd1 Bg7 37. Kg2 f5 38. Qd5 f4 39. Rb3 g5 40. c6 bxc6 41. Qf7 Qe8 42. Qxe8+ Rxe8 43. b7 Rb8 44. a5 Rxb7 45. Rxb7 1-0

[Event "Titled Tue 24th Sep Late"]
[Site "chess.com INT"]
[Date "2024.09.24"]
[Round "9"]
[White "Krzyzanowski, M."]
[Black "Grigoriants, S RUS"]
[Result "1-0"]
[WhiteElo "2509"]
[BlackElo "2533"]
[PlyCount "87"]
[EventDate "2024.09.24"]

1. Nf3 d5 2. g3 g6 3. Bg2 Bg7 4. O-O Nf6 5. e3 $146 ({RR} 5. Re1 O-O 6. d3 b6 7. Nbd2 Bb7 8. e4 dxe4 9. dxe4 Nxe4 10. Nxe4 Qxd1 11. Rxd1 Bxe4 12. Re1 f5 13. c3 Nc6 14. Bf4 e5 15. Bd2 Rad8 16. Bg5 Rd3 17. Rad1 h6 18. Rxd3 Bxd3 19. Bd2 e4 {Pereira,J (2165)-Baptista,A Aveiro 2001 0-1}) ({RR} 5. b3 Ne4 6. c3 c5 7. Qc2 O-O 8. d3 Nf6 9. e4 Nc6 10. e5 Nd7 11. d4 cxd4 12. cxd4 Nb6 13. Be3 Bf5 14. Qd2 Rc8 15. Nc3 Nb4 16. Nh4 Bd3 17. Rfc1 Ba6 18. Ne2 Nd3 19. Rxc8 Qxc8 {Svidler,P (2723)-Korobov,A (2688) chess24.com INT 2020 1-0 (43)}) ({RR} 5. b3 c5 6. Bb2 Nc6 7. Ne5 Nxe5 8. Bxe5 O-O 9. e3 Bf5 10. Nc3 Ne4 11. Bxg7 Kxg7 12. Ne2 Rc8 13. g4 Be6 14. Nf4 Qd6 15. c4 f5 16. cxd5 Bd7 17. d3 Ng5 18. gxf5 Bxf5 19. Rc1 b5 {Delgado Ramirez,N (2517)-Amburgy,R (2200) Sunnyvale USA 2024 1-0 (56)}) 5... O-O 6. c4 c6 7. Qe2 b6 8. d3 Bb7 9. Nc3 Nbd7 10. cxd5 cxd5 11. d4 e6 12. b3 Qc8 13. Bb2 Ba6 14. Nb5 Qc6 15. a4 Rfc8 16. Rfc1 Qb7 17. Qd1 Bxb5 18. axb5 Ne4 19. Nd2 Nd6 20. Bf1 Rxc1 21. Rxc1 Rc8 22. Ra1 Rc7 23. Ba3 Bf8 24. Ra2 Qc8 25. Kg2 h5 26. h4 Nf5 27. Bxf8 Qxf8 28. Bd3 Nd6 29. Qa1 Qb8 30. Nf3 Qb7 31. Qb1 Kg7 32. Ra4 Nf6 33. Ne5 Nde4 34. Qa1 Qc8 35. Rxa7 Ng4 36. Bxe4 Nxe5 37. Rxc7 Qxc7 38. Bxd5 Nd3 39. Be4 Nb4 40. d5+ e5 41. f4 f5 42. Bf3 Kf6 43. fxe5+ Qxe5 44. Qc1 1-0

[Event "Titled Tue 24th Sep Late"]
[Site "chess.com INT"]
[Date "2024.09.24"]
[Round "9"]
[White "Keymer, Vincent"]
[Black "Bok, B."]
[Result "1-0"]
[WhiteElo "2730"]
[BlackElo "2596"]
[PlyCount "131"]
[EventDate "2024.09.24"]

1. Nf3 d5 2. e3 Nf6 3. c4 e6 4. Nc3 Be7 5. b3 O-O 6. Bb2 c5 7. d4 cxd4 8. Nxd4 dxc4 9. Bxc4 a6 10. Be2 ({RR} 10. Qf3 Ra7 11. a4 b6 12. O-O Bb7 13. Qh3 Nc6 14. Rfd1 Qa8 15. Nf3 Na5 16. Bd3 Bxf3 17. gxf3 Nxb3 18. Ne4 Rd8 19. Nxf6+ Bxf6 20. Qxh7+ Kf8 21. Be4 Qb8 22. Ba3+ Nc5 23. a5 Bxa1 24. Rxa1 Rc7 {Gibala,A (2215)-Munoz,F (2389) chess.com INT 2025 1-0 (42)}) 10... b5 11. O-O ({RR} 11. Bf3 Ra7 12. O-O Bb7 13. Bxb7 Rxb7 14. Qf3 Qc8 15. Rac1 Rc7 16. Qg3 Nh5 17. Qf3 Nf6 18. a4 bxa4 19. Nxa4 Rd8 20. Rxc7 Qxc7 21. Rc1 Qa5 22. Qb7 Qb4 23. Qxb4 Bxb4 24. g3 Ne8 25. Kg2 Kf8 {Keymer,V (2700)-Lysyj,I (2606) chess.com INT 2023 ½-½ (53)}) 11... Bb7 12. Rc1 $146 ({RR} 12. Bf3 Nd5 13. Nxd5 Bxd5 14. Rc1 Ra7 15. Bxd5 Qxd5 16. Qg4 g6 17. Rfd1 Qg5 18. Qxg5 Bxg5 19. Nf3 Be7 20. Rc2 Rd7 21. Rxd7 Nxd7 22. Rc7 Rd8 23. g3 Kf8 24. Ra7 Nb8 25. Be5 Bd6 26. Bxd6+ Rxd6 {Lippmann,K-Frobarth,V Schleswig Holstein 1989 1-0 (40)}) ({RR} 12. Bf3 Ra7 13. Rc1 Qb6 14. Nce2 Bxf3 15. Nxf3 Nc6 16. Qc2 Rc8 17. Bd4 Qb7 18. Bxa7 Nxa7 19. Qb1 Nc6 20. Ned4 Nd5 21. Nxc6 Rxc6 22. Rxc6 Qxc6 23. Nd4 Qb7 24. Ne2 Bf6 25. Rc1 b4 26. Qe4 Qb8 {Carlsen,M (2839)-Nepomniachtchi,I (2771) chess.com INT 2023 1-0 (44)}) 12... Nc6 13. Ncxb5 axb5 14. Nxc6 Bxc6 15. Rxc6 Qxd1 16. Rxd1 Rxa2 17. Bxf6 Bxf6 18. Bxb5 Rb2 19. Bc4 Ra8 20. g3 g6 21. Rc7 Be5 22. Rb7 Raa2 23. b4 Rd2 24. Rxd2 Rxd2 25. b5 Rb2 26. Kf1 Rb1+ 27. Kg2 Rb2 28. h3 Bc3 29. Kf1 Rb1+ 30. Ke2 Rb2+ 31. Kd3 Be1 32. f4 Bxg3 33. b6 Bf2 34. Rb8+ Kg7 35. b7 Rb6 36. Ba6 Rxa6 37. Rg8+ Kxg8 38. b8=Q+ Kg7 39. Qb2+ Kg8 40. Qxf2 Ra5 41. Qb2 Rd5+ 42. Ke4 Rh5 43. Qg2 Rf5 44. h4 Rh5 45. Qf2 Kg7 46. Qb2+ Kg8 47. Qf6 Rf5 48. Qd8+ Kg7 49. Kf3 Rd5 50. Qc7 Rh5 51. Kg3 Rd5 52. Qc3+ Kg8 53. e4 Rh5 54. Kg4 h6 55. Qf6 Rb5 56. e5 Rb1 57. h5 Rg1+ 58. Kf3 gxh5 59. Qxh6 Rg6 60. Qxh5 Kg7 61. Qh4 Kg8 62. Ke4 Kg7 63. Kd4 Kg8 64. Kc5 Rg1 65. Kd6 Kg7 66. Ke7 1-0

[Event "Titled Tue 24th Sep Late"]
[Site "chess.com INT"]
[Date "2024.09.24"]
[Round "11"]
[White "Andreikin, D."]
[Black "Kramnik, V."]
[Result "1-0"]
[WhiteElo "2729"]
[BlackElo "2753"]
[PlyCount "71"]
[EventDate "2024.09.24"]

1. Nf3 c5 2. d3 g6 3. e4 Bg7 4. g3 Nc6 5. Bg2 d6 6. O-O e5 7. c3 Nge7 8. a3 O-O 9. b4 b6 10. b5 Nb8 ({RR} 10... Na5 11. c4 h6 12. a4 Be6 13. Bd2 f5 14. Bxa5 bxa5 15. Nbd2 f4 16. Nb3 g5 17. Re1 Ng6 18. Nfd2 g4 19. Nb1 h5 20. Nc3 h4 21. Nd5 Rf7 22. Qd2 Qg5 23. Ra2 Raf8 24. Nxa5 Bh6 25. Nc6 {Kozul,Z (2613)-Dominguez Perez,L (2739) Doha 2016 0-1 (35)}) ({RR} 10... Na5 11. c4 h6 12. Nh4 Kh7 13. a4 Be6 14. Nd2 Qd7 15. Nb3 Nxb3 16. Qxb3 a6 17. Bd2 a5 18. Qc2 g5 19. Nf3 Rae8 20. h4 g4 21. Nh2 f5 22. f3 gxf3 23. Bxf3 f4 24. g4 Bf6 25. h5 {Kotepalli,S (1934)-Paikens,R (2166) chess.com INT 2025 0-1}) 11. c4 a6 12. Nc3 $146 ({RR} 12. bxa6 Nxa6 13. Nc3 Nc7 14. Rb1 Ne6 15. a4 Bd7 16. Bd2 Ra6 17. Nb5 Bc6 18. Re1 Qd7 19. Bc3 f5 20. exf5 Nxf5 21. Ba1 g5 22. Nd2 Bxg2 23. Kxg2 Qf7 24. Ne4 h5 25. Kh1 Qg6 26. Nbc3 g4 {Tanriverdi,E (2317)-Brahami,L (1996) Konya 2018 1-0 (32)}) 12... axb5 13. cxb5 h6 14. Nd2 Be6 15. Nc4 Qc7 16. a4 Nd7 17. Bd2 Kh7 18. Qc2 f5 19. Nd5 Bxd5 20. exd5 Nf6 21. a5 bxa5 22. b6 Qb8 23. Rfb1 Nexd5 24. b7 Ra7 25. Nxa5 Qc7 26. Qb3 Nb4 27. Bxb4 cxb4 28. Qxb4 Rb8 29. Rc1 Qd7 30. Qb6 Rxa5 31. Rxa5 e4 32. Rc7 Qe6 33. Ra8 exd3 34. Rxb8 d2 35. Bf3 Qe1+ 36. Kg2 1-0

[Event "Titled Tue 24th Sep Late"]
[Site "chess.com INT"]
[Date "2024.09.24"]
[Round "11"]
[White "Carlsen, M."]
[Black "Deac, Bogdan-Daniel"]
[Result "1-0"]
[WhiteElo "2832"]
[BlackElo "2680"]
[PlyCount "51"]
[EventDate "2024.09.24"]

1. Nf3 d5 2. g3 c5 3. Bg2 Nc6 4. O-O e5 5. d3 Be7 6. e4 d4 7. Nbd2 h5 8. Nc4 Qc7 9. a4 h4 10. Nxh4 ({RR} 10. Bd2 Be6 11. Ng5 Bxg5 12. Bxg5 h3 13. Bf3 f6 14. Bd2 Bxc4 15. dxc4 O-O-O 16. Bg4+ Kb8 17. Be6 Nge7 18. Qg4 Nc8 19. f4 Nd6 20. f5 Nb4 21. c3 dxc3 22. bxc3 Nc2 23. Rad1 Na3 24. Qe2 Qc6 {Jones,G (2632)-Caruana,F (2776) Chess.com INT 2022 0-1 (58)}) ({RR} 10. c3 Be6 11. cxd4 Bxc4 12. dxc4 cxd4 13. Bd2 a5 14. Ne1 Nf6 15. Nd3 Nd7 16. Qg4 g6 17. c5 Nxc5 18. Nxc5 Bxc5 19. Rac1 b6 20. gxh4 Qd7 21. Qg3 Qe7 22. Bg5 f6 23. Bd2 Qh7 24. Bh3 Ke7 {Budrewicz,K (2185)-Krzywda,A (2152) chess.com INT 2025 1-0}) 10... Bxh4 11. gxh4 Be6 $146 ({RR} 11... Nge7 12. f4 f6 13. fxe5 fxe5 14. Qf3 Be6 15. Bh3 Bxh3 16. Qxh3 Qd7 17. Qg3 Qe6 18. Bg5 O-O-O 19. Rf3 Rdf8 20. Raf1 Rxf3 21. Rxf3 Kb8 22. Bxe7 Qxe7 23. Rf5 Re8 24. Rg5 Qf6 25. Rg6 Qf8 26. Rxg7 {Warmerdam,M (2607)-De Jong,T (2176) Dieren NED 2023 1-0}) 12. f4 Bxc4 13. dxc4 Qe7 14. Ra3 Rxh4 15. Rg3 Nf6 16. fxe5 Nxe5 17. Rxg7 Qf8 18. Rg5 Nfd7 19. Bf4 Qh8 20. Qe1 f6 21. Bxe5 Nxe5 22. Rxf6 Nxc4 23. Rfg6 Kd7 24. Rg7+ Kc6 25. R5g6+ Nd6 26. e5+ 1-0

[Event "Titled Tue 24th Sep Late"]
[Site "chess.com INT"]
[Date "2024.09.24"]
[Round "11"]
[White "Pranav, V."]
[Black "Durarbayli, Vasif"]
[Result "1-0"]
[WhiteElo "2609"]
[BlackElo "2626"]
[PlyCount "73"]
[EventDate "2024.09.24"]

1. Nf3 c5 2. g3 Nc6 3. Bg2 g6 4. O-O Bg7 5. e4 e6 6. Re1 Nge7 7. c3 d5 ({RR} 7... O-O 8. d4 cxd4 9. cxd4 d5 10. e5 Qb6 11. Nc3 Nf5 12. Ne2 h5 13. h3 Bd7 14. g4 hxg4 15. hxg4 Nfe7 16. Nf4 Rac8 17. Be3 Na5 18. b3 Nac6 19. Re2 Nb4 20. Ng5 Bb5 21. Rd2 Rc3 22. a3 {Murzin,V (2478)-Golizadeh,A (2455) Chess.com INT 2021 0-1 (45)}) ({RR} 7... O-O 8. d4 cxd4 9. cxd4 d5 10. e5 b5 11. a3 a5 12. Nc3 Ba6 13. h4 b4 14. Na4 Nf5 15. Nc5 Bb5 16. a4 Ba6 17. b3 Ra7 18. Bb2 Qb6 19. Rc1 Rc8 20. h5 Rac7 21. g4 Nfe7 22. Nxa6 {Eggleston,T (2178)-Santos Flores,A (2230) chess.com INT 2025 1-0 (58)}) 8. e5 d4 9. d3 O-O $146 ({RR} 9... h6 10. a4 g5 11. h3 Ng6 12. a5 Nxa5 13. cxd4 cxd4 14. Qa4+ Nc6 15. Nxd4 Bd7 16. Nxc6 Bxc6 17. Bxc6+ bxc6 18. Qxc6+ Kf8 19. d4 Kg8 20. Be3 Kh7 21. Nc3 Rb8 22. Rxa7 Rxb2 23. Rxf7 Rf8 24. Qxe6 {Mendoza,S (2158)-Antova,G (2250) Chess.com INT 2021 1-0 (31)}) 10. c4 h6 11. h4 Rb8 12. Bf4 a6 13. Nbd2 b5 14. b3 bxc4 15. dxc4 a5 16. Ne4 Qb6 17. Qc1 Kh7 18. Nf6+ Bxf6 19. exf6 Ng8 20. Bxb8 Nxb8 21. Qf4 Nd7 22. Ng5+ Kh8 23. Nxe6 fxe6 24. f7 Ngf6 25. Qxh6+ Nh7 26. h5 g5 27. Rxe6 Qd8 28. Be4 Rxf7 29. Bg6 Qf8 30. Bxf7 Qxf7 31. Rae1 Ndf8 32. Re7 Qg8 33. R1e5 Bg4 34. Rd5 Ne6 35. Rdd7 Nef8 36. Rd8 Bf5 37. Ree8 1-0

[Event "TechM GCL 2024"]
[Site "London ENG"]
[Date "2024.10.09"]
[Round "8.1"]
[White "Koneru, H."]
[Black "Tan, Zhongyi"]
[Result "1-0"]
[WhiteElo "2530"]
[BlackElo "2551"]
[PlyCount "109"]
[EventDate "2024.10.03"]
[EventType "team"]
[WhiteTeam "Mumba Masters"]
[BlackTeam "PBG Alaskan Knights"]

1. Nf3 d5 2. e3 c5 3. b3 a6 4. Bb2 Nc6 5. d4 cxd4 6. Nxd4 Nf6 7. Be2 Qa5+ ({RR} 7... e6 8. O-O Bd7 9. Nf3 Be7 10. Nbd2 O-O 11. c4 Rc8 12. a3 Qc7 13. b4 dxc4 14. Nxc4 Rfd8 15. Rc1 Be8 16. Qb3 b5 17. Nce5 Qb7 18. h3 Bd6 19. Rfd1 Nd5 20. Nd3 Nb6 21. Nc5 Bxc5 22. Rxd8 {Karjakin,S (2750)-Inarkiev,E (2658) Moscow RUS 2023 1-0 (44)}) ({RR} 7... e6 8. O-O Bd6 9. c4 O-O 10. Nxc6 bxc6 11. Nc3 Bb7 12. cxd5 cxd5 13. Bf3 Qe7 14. Na4 Rad8 15. Qe2 e5 16. g3 e4 17. Bg2 Nd7 18. Rfd1 Ne5 19. Bd4 Qf6 20. Rac1 Nf3+ 21. Qxf3 Qxf3 22. Bxf3 {Elgabry,M (2107)-Kushagra,M (2412) Taleigao IND 2025 ½-½ (61)}) 8. Qd2 e6 $146 ({RR} 8... Qxd2+ 9. Nxd2 Nxd4 10. Bxd4 e6 11. O-O Be7 12. c4 O-O 13. Rfd1 Bd7 14. Bf3 Bc6 15. Rac1 Rac8 16. cxd5 exd5 17. Rc2 Ne4 18. Bxe4 dxe4 19. Nc4 Bd5 20. Rdc1 Be6 21. Nb6 Rxc2 22. Rxc2 Bd8 23. Nc4 {Nothnagel,H (2306)-Gibicar,D (2272) Germany 2019 ½-½}) 9. O-O Qxd2 10. Nxd2 Bb4 11. N2f3 O-O 12. c4 dxc4 13. Nxc6 bxc6 14. Bxc4 Bb7 15. Rfd1 Nd5 16. Rac1 a5 17. Ne5 Rfc8 18. a4 Be7 19. e4 Nb6 20. Be2 Bf6 21. f3 c5 22. Bb5 Rc7 23. Kf2 g5 24. Bc3 Kg7 25. Rd6 Nc8 26. Rd2 Ne7 27. Nc4 Bxc3 28. Rxc3 Bc6 29. Na3 Be8 30. Rdc2 Bxb5 31. Nxb5 Rd7 32. Rxc5 h6 33. Rc7 Rxc7 34. Rxc7 Ng6 35. Nd6 Ne5 36. Nc4 Nd3+ 37. Ke3 Rd8 38. Nxa5 Nf4 39. Rc2 e5 40. g3 Rd3+ 41. Kf2 Ne6 42. Ke2 Rd7 43. Nc6 Rc7 44. Kd3 Rd7+ 45. Ke3 Rc7 46. Rc4 f6 47. a5 Rd7 48. a6 Nc7 49. a7 Na8 50. Rb4 Rc7 51. Rb8 Rxc6 52. Rxa8 Ra6 53. b4 Ra3+ 54. Ke2 Ra2+ 55. Kd3 1-0

[Event "Fagernes GM Swiss Aut"]
[Site "Fagernes NOR"]
[Date "2024.10.13"]
[Round "9.3"]
[White "Ghasi, A."]
[Black "Urkedal, F."]
[Result "1-0"]
[WhiteElo "2503"]
[BlackElo "2559"]
[PlyCount "69"]
[EventDate "2024.10.06"]

1. Nf3 d5 2. c4 d4 3. b4 c5 4. b5 Nf6 5. g3 g6 6. Bg2 Bg7 7. O-O O-O 8. d3 a5 $146 ({RR} 8... a6 9. Na3 Nbd7 10. Rb1 e5 11. e4 Ne8 12. Nd2 f5 13. f4 Nd6 14. bxa6 Rxa6 15. Nb5 Nf7 16. a4 Bh6 17. exf5 gxf5 18. Nb3 b6 19. Bd5 e4 20. dxe4 fxe4 21. Bxe4 Nf6 22. Bf3 Be6 23. Nd2 {Ivanisevic,I (2606)-Vetokhin,S (2309) Chess.com INT 2021 0-1 (39)}) 9. a4 Nbd7 10. Ra2 Ra7 11. e3 dxe3 12. fxe3 b6 13. d4 Ne4 14. Qd3 Nd6 15. d5 Ne5 16. Nxe5 Bxe5 17. Nc3 f6 18. Ne2 Nf7 19. Rd2 Bd6 20. Nf4 g5 21. Ne6 Bxe6 22. dxe6 Ne5 23. Qc2 Kg7 24. Be4 Qc8 25. Bf5 Rd8 26. Rd5 Ra8 27. Bb2 Bc7 28. Rxe5 Bxe5 29. Bxe5 fxe5 30. Qe2 Rd6 31. Qh5 Qg8 32. Be4 Rxe6 33. Bxa8 Qxa8 34. Rf7+ Kg8 35. Qxh7# 1-0